La sceǹe en Suisse : (Record no. 62256)
[ view plain ]
| 000 -LEADER | |
|---|---|
| fixed length control field | 00828nam a2200253 a 4500 |
| 001 - CONTROL NUMBER | |
| control field | 62256 |
| 003 - CONTROL NUMBER IDENTIFIER | |
| rucl marc code | BD-RjUL |
| 005 - DATE AND TIME OF LATEST TRANSACTION | |
| control field | 20211209081048.0 |
| 008 - FIXED-LENGTH DATA ELEMENTS--GENERAL INFORMATION | |
| fixed length control field | 170123s2001 sz ab b 000 0 fre d |
| 020 ## - INTERNATIONAL STANDARD BOOK NUMBER | |
| International Standard Book Number | 3907622332 |
| 035 ## - SYSTEM CONTROL NUMBER | |
| System control number | (BD-RjUL)62382 |
| 040 ## - CATALOGING SOURCE | |
| Original cataloging agency | ESU |
| Transcribing agency | ESU |
| Modifying agency | BD-RjUL |
| Language of cataloging | eng |
| 041 1# - LANGUAGE CODE | |
| Language code of text/sound track or separate title | fre |
| Language code of original | ger |
| 082 00 - DEWEY DECIMAL CLASSIFICATION NUMBER | |
| Classification number | 792.09494 |
| Edition number | 23 |
| Author mark and year | SCL 2001 |
| 100 1# - MAIN ENTRY--PERSONAL NAME | |
| Personal name | Schläpfer, Beat. |
| 9 (RLIN) | 185180 |
| 245 13 - TITLE STATEMENT | |
| Title | La sceǹe en Suisse : |
| Remainder of title | le théatre et son public durant cinq siec̀les / |
| Statement of responsibility, etc. | Beat Schläpfer ; [traduction française, Francoise Senger]. |
| 250 ## - EDITION STATEMENT | |
| Edition statement | 2e ed. rev. et mise à jour. |
| 260 ## - PUBLICATION, DISTRIBUTION, ETC. (IMPRINT) | |
| Place of publication, distribution, etc. | Zurich : |
| Name of publisher, distributor, etc. | Pro Helvetia, |
| Date of publication, distribution, etc. | 2001. |
| 300 ## - PHYSICAL DESCRIPTION | |
| Pagination | 149 p. : |
| Illustrations | ill. ; |
| Size | 21 cm. |
| 504 ## - BIBLIOGRAPHY, ETC. NOTE | |
| Bibliography, etc | Includes bibliographical references |
| 650 #0 - SUBJECT ADDED ENTRY--TOPICAL TERM | |
| Topical term or geographic name as entry element | Theater |
| Geographic subdivision | Switzerland |
| General subdivision | History. |
| 9 (RLIN) | 185181 |
| 942 ## - ADDED ENTRY ELEMENTS (KOHA) | |
| Source of classification or shelving scheme | Dewey Decimal Classification |
| Koha item type | Books |
| Lost status | Source of classification or shelving scheme | Damaged status | Not for loan | Collection code | Permanent Location | Current Location | Shelving location | Date acquired | Source of acquisition | Total Checkouts | Full call number | Date last seen | Copy number | Koha item type |
|---|---|---|---|---|---|---|---|---|---|---|---|---|---|---|
| Dewey Decimal Classification | Not For Loan | Non-fiction | Central Library, University of Rajshahi | Central Library, University of Rajshahi | Reading Room | 19/07/2007 | Asia foundation | 792.09494 SCL 2001 | 23/01/2017 | C-1 | Books |